000 00481cam a2200181ua 4500
001 2430
008 110816n ii |||gr||||Z||||||asm
040 _cMAIN
082 _a398.09145
245 1 1 _aBihu, bihugeet aru asomiya badyajantra
_cby Shiva Sharma
250 _a1st ed.
260 _aGuwahati:
_bBani mandir,
_c2003.
300 _a192p.:
_c20cm.
653 _aFolklore
653 _aBihu, bihugeet aru asomiya badyajantra
700 1 _aSharma, Shiva.,
_eAuthor.
942 _cBK
999 _c2287
_d2287